000 00707nam a2200205Ia 4500
005 20240530102543.0
008 140319s1945 xx 000 0 ara d
040 _aGCL /
_cGCL
082 0 4 _a410 /
_bع ف
100 1 _aعلى عبدالواحد وافى
245 1 0 _aفقه اللغة /
_cتاليف على عبدالواحد وافى
260 _aالقاهرة :
_bدار نهضة مصر للطبع والنشر ،
_c1945
300 _a327 ص؛
_c24 سم
650 0 4 _aاللغة العربية
650 0 4 _aاللغات السامية
650 0 4 _aاللغة العبرية
650 0 4 _aاللغة الارامية
942 _2ddc
_cBK
999 _c32998
_d32998